| 000 | 02644cam a22005174i 4500 | ||
|---|---|---|---|
| 003 | PE-LiUPU | ||
| 005 | 20250731165606.0 | ||
| 008 | 150706s r 000 0 d | ||
| 020 | _a9684443323 | ||
| 035 | _a(Sirsi) i9789684443327 | ||
| 040 |
_aPE-LiUPU _bspa _cPE-LiUPU _erda |
||
| 049 | _aPRUA | ||
| 082 | 0 | 4 |
_a001.43 _bZ891998 _221 |
| 100 | 1 |
_aZubizarreta, Armando F., _eautor. |
|
| 245 | 1 | 3 |
_aLa aventura del trabajo intelectual : _bcómo estudiar e investigar / _cArmando Zubizarreta. |
| 250 | _aSegunda edición. | ||
| 264 | 1 |
_aMéxico : _bAddison Wesley Longman de México, S.A. de C.V., _c1998. |
|
| 300 |
_a198 páginas : _bilustraciones cuadros ; _c22 centímetros |
||
| 336 |
_atext _2rdacontent |
||
| 337 |
_aunmediated _2rdamedia |
||
| 338 |
_avolume _2rdacarrier |
||
| 500 | _aReimpresión de 1986. | ||
| 505 | 0 | _aIntroducción -- Primera parte: El intelectual y su oficio. La vida intelectual -- El proceso de aprendizaje -- Las dificultades en el trabajo intelectual -- Segunda parte: Los pasos y los resultados del trabajo académico -- La lectura -- Los apuntes de clase -- El resumen de un libro -- El informe -- El examen -- La reseña crítica -- El estado de la cuestión -- La monografía o artículo científico -- El ensayo -- Tercera parte: El proceso y la técnica de investigación -- La investigación -- La elección del tema -- Las fuentes de información -- El plan de trabajo -- La recolección de datos -- La ordenación y la interpretación de los materiales -- La composición y la redacción -- El texto, las notas, los apéndices y las citas -- Las ilustraciones, las siglas, la sección bibliográfica y los índices -- La presentación formal del Trabajo -- La publicación. | |
| 526 | _aSEG44 | ||
| 526 | _aSEG26 | ||
| 526 | _aP151 | ||
| 526 | _aP150 | ||
| 526 | _aP149 | ||
| 526 | _aP146 | ||
| 526 | _aP145 | ||
| 526 | _aP126 | ||
| 526 | _aP125 | ||
| 526 | _aP92 | ||
| 526 | _aP75 | ||
| 526 | _aP74 | ||
| 526 | _aP27 | ||
| 526 | _aP15 | ||
| 541 | _g001-0031424; | ||
| 650 | 1 | 4 |
_aInvestigación _xMetodología. |
| 910 |
_bjv _cjvm _d20100414 |
||
| 942 |
_2ddc _cBOOK |
||
| 949 |
_a001.43 Z89 1998 _wDEWEY _c1 _i61341 _d2016-9-16 _e2016-9-15 _lCCODEBUL1 _mBUL _n4 _p9.00 _r0 _sY _tBOOK _u2015-7-6 _xINGENIERIA _PP27 _0COMPRA _o.STAFF. Colección General |
||
| 994 |
_aC0 _bPEPRU |
||
| 596 | _a1 | ||
| 999 |
_a001.43 Z89 1998 _wDEWEY _c50645 _i61341 _d50645 _e2018-3-8 _f2021-11-4 _g7 _lCCODEBUL1 _mBUL _n8 _p9.00 _q2 _r0 _sY _tBOOK _u2015-7-6 _xBIBLIOTECA _PP27 _0COMPRA _o.STAFF. Colección General |
||
| 980 |
_81 _gALBERTO SANCHEZ Responsable de Automatización |
||